| 000 | 00589nam a2200169 4500 | ||
|---|---|---|---|
| 001 | 131659 | ||
| 003 | ES-MaACL | ||
| 005 | 20230906194025.0 | ||
| 007 | t| | ||
| 008 | 070214s1950 sp r ||||1| spa d | ||
| 245 | 0 | 0 |
_aBoletín del XIII Congreso Internacional de Oleicultura / _cdirector: Antonio Rodríguez Gimeno. |
| 260 |
_aMadrid : _b[s. n.], _c1950 ( _fGráf. Nilo) |
||
| 300 |
_a290, 64 p. : _bil. ; _c21 cm. |
||
| 710 | 2 |
_aRodríguez Jimeno, Antonio. _96457 |
|
| 711 | 2 |
_aCongreso Internacional de Oleicultura ( _n13º. _d1950. _cMadrid-Sevilla) _9449 |
|
| 852 |
_aES-MaACL _jD-5377 |
||
| 999 |
_c131659 _d131659 |
||